00723nam a22001817a 450000500170000001000300001702000260004703500310007303700130010408200060011724500980012326000360022127001000025730000500035750000110040750501080041870000150052620130927111936.0 aB-515428-462 B-523505-507 a9789350850732c225.00 aB-515428-462 B-523505-507 bUBH/Ven. aS aThe fearless boy and other Buddhist stories /cedited by Anant Pai; illustrated by Souren Roy aMumbaibAmar Chitra Kathac2012 aKrishna House, 3rd Floor, Raghuvanshi Mill Compound, S.B. Marg, Lower Parel (W)bMumbaie400013 aVol.1037, various pages :c24cm(Hb)bcol.ill. a5-in-1 aThe Fearless boy, The Cowherd of Alawi, The True Conqueror, The Lost Prince, The Making of a Swordsman. aPai, Anant